| 000 | 00525nam a2200133 a 4500 | ||
|---|---|---|---|
| 001 | 000033672 | ||
| 005 | 20200930070430.0 | ||
| 008 | 110905s1882 000 spa d | ||
| 040 |
_aDO-SdBNP _bspa _cBNPHU |
||
| 245 | 0 | 0 |
_aRestos de Colon : _binforme presentado a la sociedad literaria. Amigo del País relativo a los últimos opúsculos escritos en el extrangero, acerca del hallazgo de 10 de septiembre del 1877. |
| 260 |
_aSanto Domingo : _bImprenta de Garía Hermanos, _c1882. |
||
| 300 |
_a40 p. ; _c25 cm. |
||
| 049 | _aBNPD | ||
| 999 |
_c33163 _d33163 |
||